| 000 | 00541nam a2200217 a 4500 | ||
|---|---|---|---|
| 001 | BRCA_7760 | ||
| 005 | 20190320205959.0 | ||
| 008 | 120913s1953----enk#######---#000-0#eng-# | ||
| 041 | _aeng | ||
| 044 | _aenk | ||
| 050 | 4 |
_aPZ3 _b.H46 1953 |
|
| 100 | 1 |
_aHemingway, Ernest _919206 |
|
| 245 | 1 | 0 |
_aThe old man and the sea _cErnest Hemingway. |
| 260 |
_aLondres _bJ. Cape _c1953 |
||
| 300 |
_a127 p. _c19 cm. |
||
| 500 | _aU115 | ||
| 650 | 1 | 4 |
_aLiteratura estadounidense _919207 |
| 650 | 1 | 4 |
_aNovela _916668 |
| 902 | _aGFM | ||
| 942 |
_2lcc _cB |
||
| 999 |
_c7434 _d7434 |
||